| 000 | 01084nac a22003017a 4500 | ||
|---|---|---|---|
| 001 | BR8708181 | ||
| 003 | BR-BrBNA | ||
| 005 | 20240105120645.0 | ||
| 008 | 230509b bl.|||m| |||| 00| 0 por d | ||
| 040 |
_aBR-BrBNA _bpor _cBiblioteca Nacional de Agricultura |
||
| 072 | _aE16; E10 | ||
| 090 | _aE16 BR8708181 | ||
| 100 | 1 | _aColombet, D.S. | |
| 110 | 1 |
_aUniversidade Federal do Rio Grande do Norte, Natal (Brasil) _911135 |
|
| 245 | 1 | _aA evolucao do setor agropecuario no Rio Grande do Norte entre 1950 e 1979 | |
| 246 | 1 | _a[The evolution of the agricultural sector at Rio Grande do Norte between 1950 and 1979] | |
| 260 | 3 |
_aNatal, RN (Brasil): _c1985. |
|
| 300 | _a106 p. | ||
| 490 |
_aColecao Especializada. Serie B - Universidade Federal do Rio Grande do Norte (Brazil) _vno. 2 _x |
||
| 500 | _a43 tables; 28 ref. | ||
| 650 | _aPRODUCAO VEGETAL | ||
| 650 | _aPRODUCAO ANIMAL | ||
| 650 | _aDESENVOLVIMENTO ECONOMICO | ||
| 650 | _aECONOMIA DA PRODUCAO | ||
| 650 | _aRIO GRANDE DO NORTE | ||
| 909 |
_a202312 _bLúcia Elande _c55 _dLúcia Elande |
||
| 942 |
_2AGRIS _n0 _cMS |
||
| 999 |
_c280724 _d280724 |
||